|
|
|
|
| LEADER |
01160nam a2200373 4500 |
| 001 |
DLU040028003 |
| 040 |
# |
# |
|a DLU
|b vie
|
| 041 |
# |
# |
|a vie
|
| 044 |
# |
# |
|a vn
|
| 082 |
# |
# |
|a 530
|b NG-X
|
| 100 |
# |
# |
|a Nguyễn Minh Xuân
|
| 245 |
# |
# |
|a Ứng dụng kỹ thuật gamma truyền qua trong một số bài toán kiểm tra không phá hủy mẫu /
|c Nguyễn Minh Xuân
|
| 260 |
# |
# |
|a Đà Lạt :
|b Trường Đại học Đà Lạt,
|c 2003
|
| 300 |
# |
# |
|a 58 tr. ;
|c 30 cm
|
| 504 |
# |
# |
|a Tài liệu tham khảo : tr. 49
|
| 653 |
# |
# |
|a An toàn bức xạ
|
| 653 |
# |
# |
|a Bài toán kiểm tra không phá hủy mẫu
|
| 653 |
# |
# |
|a Bức xạ
|
| 653 |
# |
# |
|a Bức xạ gamma
|
| 653 |
# |
# |
|a Ion hoá
|
| 653 |
# |
# |
|a Kĩ thuật đo gamma
|
| 653 |
# |
# |
|a Kỹ thuật đo gamma
|
| 653 |
# |
# |
|a Kiểm tra không phá hủy mẫu
|
| 700 |
# |
# |
|a Nguyễn Nhị Điền
|e hướng dẫn
|
| 915 |
# |
# |
|a Vật lý.
|b 1.03.08,
|c Thạc sĩ.
|d Trường Đại học Đà Lạt
|
| 992 |
# |
# |
|a 0
|
| 994 |
# |
# |
|a DLU
|
| 900 |
# |
# |
|a True
|
| 911 |
# |
# |
|a Thái Thị Thanh Thủy
|
| 925 |
# |
# |
|a G
|
| 926 |
# |
# |
|a A
|
| 927 |
# |
# |
|a LA
|
| 980 |
# |
# |
|a Thư viện Trường Đại học Đà Lạt
|